|
|
|
|
| LEADER |
00942pam a22002298a 4500 |
| 001 |
00000153 |
| 005 |
20171026081022.0 |
| 008 |
110317s1985 ||||||Viesd |
| 041 |
0 |
# |
|a Vie
|
| 082 |
1 |
4 |
|a 010.071
|b TH421V
|
| 110 |
1 |
# |
|a Khoa thư viện
|b Trường Đại học tổng hợp TPHCM
|
| 245 |
0 |
0 |
|a Thư viện học và thư mục học nước ngoài
|b Chuyên đề: Bổ sung kho sách thư viện. Tài liệu tham khảo
|
| 260 |
# |
# |
|a Tp. Hồ chí Minh
|b Đại Học Tổng Hợp
|c 1985
|
| 300 |
# |
# |
|a 133 tr.
|c 30 cm.
|
| 650 |
# |
4 |
|a Giáo trình
|
| 650 |
# |
4 |
|a Thư viện học
|
| 650 |
# |
4 |
|a Thư mục học nước ngoài
|
| 710 |
|
|
|a Khoa thư viện
|b Trường Đại học tổng hợp TPHCM
|
| 852 |
# |
# |
|j KD.0000192
|
| 852 |
# |
# |
|b Kho đọc
|j KD.0000192
|
| 910 |
|
|
|d 17/03/2011
|
| 980 |
# |
# |
|a Trung tâm Học liệu Lê Vũ Hùng, Trường Đại học Đồng Tháp
|